[Event "BLR-chT U18"]
[Site "Gomel"]
[Date "2024.03.03"]
[Round "4.2"]
[White "Borischik, Sergey"]
[Black "Buldovich, Raman"]
[Result "1-0"]
[WhiteElo "2000"]
[BlackElo "2000"]
[PlyCount "89"]
[EventDate "2024.03.01"]
[EventType "tourn"]
[EventRounds "7"]
[EventCountry "BLR"]
[SourceTitle "CB11_2024"]
[SourceDate "2024.03.13"]
[SourceVersion "1"]
[SourceVersionDate "2024.03.13"]
[SourceQuality "1"]

1. Nf3 Nf6 2. d4 g6 3. c4 Bg7 4. Nc3 0-0 5. e4 d6 6. Be2 Nc6 7. Be3 e5 8. d5 Ne7 9. Nd2 c6 10. 0-0 c5 11. f4 b6 12. Qc2 exf4 13. Bxf4 Ng4 14. Bxg4 Bxg4 15. h3 Bc8 16. Nf3 a6 17. Qf2 Bb7 18. Qg3 Nc8 19. e5 dxe5 20. Nxe5 Ne7 21. Ne4 Nf5 22. Qd3 Nd4 23. Rae1 Bc8 24. Ng3 Ra7 25. Nf3 Nxf3+ 26. Qxf3 Bxb2 27. Ne4 f5 28. Nc3 b5 29. Rb1 Bxc3 30. Qxc3 b4 31. Qe3 Qe7 32. Qf2 Re8 33. Rbe1 Qf7 34. Rxe8+ Qxe8 35. Qxc5 Re7 36. Qxb4 Re2 37. Bh6 Bd7 38. Qd6 Rxa2 39. Qf6 Qf7 40. Qe5 Rc2 41. Rb1 Rxc4 42. Rb7 Re4 43. Rb8+ Be8 44. Rxe8+ Qxe8 45. Qg7# 1-0

[Event "BLR-chT U18"]
[Site "Gomel"]
[Date "2024.03.02"]
[Round "2.2"]
[White "Borischik, Sergey"]
[Black "Piatrenka, Ivan"]
[Result "1-0"]
[WhiteElo "2000"]
[BlackElo "2000"]
[PlyCount "99"]
[EventDate "2024.03.01"]
[EventType "tourn"]
[EventRounds "7"]
[EventCountry "BLR"]
[SourceTitle "CB11_2024"]
[SourceDate "2024.03.13"]
[SourceVersion "1"]
[SourceVersionDate "2024.03.13"]
[SourceQuality "1"]

1. Nf3 Nf6 2. d4 g6 3. c4 Bg7 4. Nc3 0-0 5. e4 d6 6. Be2 e5 7. Be3 Nc6 8. d5 Ne7 9. Nd2 c5 10. g4 Ne8 11. g5 f5 12. gxf6 Nxf6 13. h4 h5 14. f3 Nh7 15. Nf1 Bf6 16. Qd2 Kh8 17. 0-0-0 a6 18. Bf2 Bd7 19. Ne3 b5 20. Bf1 Bg7 21. Bg2 Bh6 22. Rdg1 Rb8 23. Kb1 bxc4 24. Qc2 Rb4 25. a3 Rb7 26. Nxc4 Bb5 27. Be3 Bxe3 28. Nxe3 Qa5 29. Ka1 Rfb8 30. Rb1 Nc8 31. Bf1 Nb6 32. Rg1 Rg8 33. Rg3 Nd7 34. Bc4 Nb6 35. Be2 Nd7 36. Rbg1 Ndf8 37. Bd1 Qd8 38. Nf5 Qf6 39. Be2 Bd7 40. Bxa6 Rb6 41. Bd3 Be8 42. Nd1 Bf7 43. Nh6 Rg7 44. Ne3 Rb7 45. Nc4 Be8 46. Qd2 Rbe7 47. f4 exf4 48. Rf3 Qd4 49. Rc1 Nf6 50. Qxf4 1-0

[Event "BLR-chT U18"]
[Site "Gomel"]
[Date "2024.03.02"]
[Round "3.2"]
[White "Sidorenja, Radion"]
[Black "Borischik, Sergey"]
[Result "1-0"]
[WhiteElo "2000"]
[BlackElo "2000"]
[PlyCount "69"]
[EventDate "2024.03.01"]
[EventType "tourn"]
[EventRounds "7"]
[EventCountry "BLR"]
[SourceTitle "CB11_2024"]
[SourceDate "2024.03.13"]
[SourceVersion "1"]
[SourceVersionDate "2024.03.13"]
[SourceQuality "1"]

1. e4 g6 2. d4 Bg7 3. Nc3 d6 4. Be3 c6 5. Qd2 Nd7 6. 0-0-0 b5 7. f3 Qa5 8. Kb1 Nb6 9. Bd3 Nc4 10. Bxc4 bxc4 11. Nge2 Rb8 12. Qe1 Nf6 13. Bc1 Nd7 14. Ka1 e6 15. h4 h5 16. d5 Qc5 17. dxe6 fxe6 18. Qg3 Ne5 19. Nf4 Bh6 20. Nce2 Rf8 21. Nxe6 Bxe6 22. Bxh6 c3 23. b3 Rf7 24. Rb1 Rb6 25. Qe1 Ra6 26. Qxc3 Qf2 27. Nd4 Bd7 28. Qd2 Qg3 29. Qb4 c5 30. Qb8+ Ke7 31. Bg5+ Rf6 32. Qh8 d5 33. Qg7+ Nf7 34. e5 cxd4 35. exf6+ 1-0